[Event "Lost Boys Open"]
[Site "Amsterdam NED"]
[Date "2001.08.14"]
[Round "5"]
[White "Piket,Je"]
[Black "Ernst,S"]
[Result "1-0"]
[WhiteElo "2630"]
[BlackElo "2440"]

1.Nf3 d5 2.c4 c6 3.e3 Nf6 4.Nc3 a6 5.b3 Bf5 6.Bb2 e6 7.Be2 h6 8.O-O Be7 9.d3 O-O
10.Qc1 b5 11.Rd1 Bh7 12.e4 d4 13.Nb1 c5 14.cxb5 axb5 15.b4 Nc6 16.bxc5 e5
17.Nbd2 Nd7 18.Nb3 Ra4 19.Nfd2 Qa8 20.a3 Rc8 21.Bg4 Rc7 22.Qc2 Qa7 23.Rdc1 g6
24.g3 Nf8 25.h4 h5 26.Bh3 Kg7 27.f4 f6 28.Qd1 Kh6 29.Nf3 Bg8 30.Kh1 Rb7 31.f5 g5
32.g4 b4 33.axb4 Rbxb4 34.Nbd2 Ra2 35.Rxa2 Qxa2 36.hxg5+ fxg5 37.Ra1 Qxb2
38.Ra6 Kh7 39.Rxc6 Nd7 40.gxh5 Rb5  1-0

[Event "ch-AUT"]
[Site "Mureck AUT"]
[Date "2001.08.16"]
[Round "12"]
[White "Volkmann,F"]
[Black "Pilaj,H"]
[Result "1/2-1/2"]
[WhiteElo "2406"]
[BlackElo "2297"]

1.Nf3 d5 2.c4 c6 3.Qc2 Nf6 4.g3 Bg4 5.Bg2 Nbd7 6.d3 e5 7.h3 Bh5 8.g4 Bg6
9.Nh4 d4 10.Nd2 a5  1/2-1/2

[Event "ch-AUT"]
[Site "Mureck AUT"]
[Date "2001.08.16"]
[Round "12"]
[White "Sommerbauer,N"]
[Black "Weinzettl,E"]
[Result "1/2-1/2"]
[WhiteElo "2422"]
[BlackElo "2413"]

1.Nf3 d5 2.c4 e6 3.g3 c5 4.Bg2 Nc6 5.O-O Nf6 6.b3 Be7 7.e3 O-O 8.Bb2 d4 9.exd4 cxd4
10.Re1 Ne8 11.d3 f6 12.Ba3  1/2-1/2

[Event "Lost Boys Open"]
[Site "Amsterdam NED"]
[Date "2001.08.17"]
[Round "7"]
[White "Krnic,Z"]
[Black "Haimovich,T"]
[Result "1-0"]
[WhiteElo "2389"]
[BlackElo "2304"]

1.Nf3 d5 2.c4 c6 3.b3 Bg4 4.Bb2 Nd7 5.e3 e6 6.Be2 Ngf6 7.Nc3 Bd6 8.h3 Bh5
9.g4 Bg6 10.Nh4 Qe7 11.a4 O-O-O 12.a5 dxc4 13.bxc4 Nc5 14.Nxg6 hxg6 15.Qc2 e5
16.Na4 Nxa4 17.Rxa4 Bb4 18.Bc1 e4 19.a6 b6 20.Rxb4 Qxb4 21.g5 Nd7 22.Qxe4 Qd6
23.d4 Rde8 24.Qf3 Qe6 25.Kf1 Rh4 26.Kg2 f6 27.Qg3 Reh8 28.Bb2 Qf5 29.Bf3 Qxg5
30.Bxc6 R4h5 31.f4 Qxg3+ 32.Kxg3 Ra5 33.Bb5 Nb8 34.Ra1 Rxa1 35.Bxa1 f5 36.d5 Rh7
37.Be8 Nxa6 38.Bxg6 Rh8 39.Bxf5+ Kd8 40.Kf3 Rh5 41.Kg4 Rh8 42.Kg5 Re8 43.e4 Nc5
44.e5 Nb3 45.Bc3 a5 46.d6 Nc5 47.Kg6 a4 48.Kxg7 a3 49.h4 a2 50.h5 Nb7 51.h6 b5
52.cxb5 Nxd6 53.exd6 Rf8 54.Ba5+ Ke8 55.d7+ Ke7 56.Bb4+ Kd8 57.Kxf8 a1=Q
58.Be7+ Kc7 59.d8=Q+ Kb7 60.Be4+  1-0

[Event "ch-AUT"]
[Site "Mureck AUT"]
[Date "2001.08.17"]
[Round "13"]
[White "Stanec,N"]
[Black "Baumegger,S"]
[Result "1/2-1/2"]
[WhiteElo "2530"]
[BlackElo "2357"]

1.Nf3 d5 2.c4 d4 3.e3 Nc6 4.d3 e5 5.exd4 exd4 6.a3 a5 7.Be2 Nf6 8.O-O Be7
9.Re1 O-O 10.Bf1 Nd7 11.Nbd2 Nc5 12.Ne4 b6 13.Nxc5 bxc5 14.Ne5 Nxe5 15.Rxe5 Bd6
16.Re1 Bd7 17.a4 Bc6 18.Bd2 Qf6 19.g3 Qf5 20.Ra3 Rfb8 21.Bc1 Re8 22.Bg2 Rxe1+
23.Qxe1 Re8 24.Qd1 Bxg2 25.Kxg2 Rb8 26.Qf3 Qxf3+ 27.Kxf3 c6 28.Ke2 f5 29.Kd1 Kf7
30.Kc2 Bc7 31.Bd2 Kg6 32.Ra1 Re8 33.Re1 Rxe1 34.Bxe1 Kh5 35.f3 g5  1/2-1/2

[Event "TCh-Rep. Srpska"]
[Site "Jahorina BIH"]
[Date "2001.08.18"]
[Round "8"]
[White "Arsovic,Z"]
[Black "Scekic,M"]
[Result "1/2-1/2"]
[WhiteElo "2407"]
[BlackElo "2427"]

1.Nf3 d5 2.c4 c6 3.d4 e6 4.Qc2 Nf6 5.g3 b5 6.c5 Be7 7.Bg2 Nbd7 8.O-O Ne4
9.b3 O-O 10.Bb2 f5 11.Ne1 a5 12.a3 Ndf6 13.f3 Ng5 14.Nd3 Bd7 15.Nd2 Qe8 16.Rae1 Qh5
17.Nf2 h6 18.Nd3 Ngh7 19.Nf4 Qf7 20.e4 g5 21.Nd3 Rae8 22.g4 Kh8 23.Ne5 Qg7
24.exf5 exf5 25.gxf5 Bd8 26.Ng6+ Kg8 27.Re5 Rf7 28.Rfe1 Nf8 29.Nf1 Kh7 30.Bh3 g4
31.Rxe8 Nxe8 32.Bxg4 h5 33.Bh3 Nf6 34.Re2 Nxg6 35.fxg6+ Qxg6+ 36.Qxg6+ Kxg6
37.Bxd7 Nxd7 38.Re6+ Rf6 39.Re8 Rf8 40.Re6+ Rf6 41.Re3 Kf7 42.Kf2 Bc7 43.Bc1  1/2-1/2

[Event "Lost Boys Open"]
[Site "Amsterdam NED"]
[Date "2001.08.19"]
[Round "9"]
[White "Krnic,Z"]
[Black "Tregubov,P"]
[Result "0-1"]
[WhiteElo "2389"]
[BlackElo "2617"]

1.Nf3 d5 2.c4 e6 3.b3 Nf6 4.g3 a5 5.Nc3 c6 6.Bg2 d4 7.Na4 b5 8.Nb2 a4 9.bxa4 bxa4
10.Nxa4 Qa5 11.Nb2 e5 12.c5 Nbd7 13.Nc4 Qxc5 14.Ncxe5 Nxe5 15.Nxe5 Ra6 16.Nd3 Qf5
17.Bb2 c5 18.Qb3 Bd6 19.Qb5+ Qd7 20.Qc4 Ra5 21.Qc2 O-O 22.Nc1 Qa7 23.O-O Be6
24.e3 Rb8 25.a4 Qb6 26.Ba3 dxe3 27.Nd3 exf2+ 28.Nxf2 Bb3 29.Qf5 Rxa4 30.Ne4 Nxe4
31.Bxe4 g6 32.Qf3 Be5 33.Bb2 Rxe4 34.Qxe4 Bxb2 35.Rab1 Ba2 36.Rbe1 Qd6 37.Qf4 Bd4+
38.Kg2 Bd5+ 39.Kh3 Be6+ 40.g4 Rb3+ 41.Kh4 Bf6+  0-1

[Event "I American Continental"]
[Site "Cali COL"]
[Date "2001.08.19"]
[Round "10"]
[White "Gurevich,D"]
[Black "Nogueiras,J"]
[Result "1/2-1/2"]
[WhiteElo "2550"]
[BlackElo "2525"]

1.Nf3 d5 2.c4 e6 3.d4 Nf6 4.g3 dxc4 5.Qa4+ Nbd7 6.Bg2 a6 7.Qxc4 c5 8.Qc2 b6
9.O-O Bb7 10.a4 Rc8 11.Qd1 Be7 12.Nc3 O-O 13.h3 h6 14.Be3 c4 15.Qb1 Bb4 16.Rc1 Qe7
17.Bf4 Rfd8 18.b3 Ba5 19.Qa2 cxb3 20.Qxb3 Qb4 21.Qxb4 Bxb4 22.Bd2 Ne8  1/2-1/2

[Event "Rubinstein Open"]
[Site "Polanica Zdroj POL"]
[Date "2001.08.21"]
[Round "6"]
[White "Noga,J"]
[Black "Gacek,W"]
[Result "0-1"]
[WhiteElo "2135"]
[BlackElo "2124"]

1.Nf3 d5 2.c4 c6 3.g3 Nf6 4.Bg2 Bf5 5.cxd5 cxd5 6.O-O Nc6 7.Qa4 Bd7 8.d4 e6
9.Nc3 Ne5 10.Qc2 Nxf3+ 11.Bxf3 Rc8 12.Qd3 Be7 13.g4 h6 14.Bf4 Bc6 15.Rab1 Bd6
16.e3 g5 17.Bg3 h5 18.Qe2 hxg4 19.Bxg4 Nxg4 20.Qxg4 f5  0-1

[Event "VI Cup GM"]
[Site "Paks HUN"]
[Date "2001.08.22"]
[Round "5"]
[White "Polak,T"]
[Black "Sammalvuo,T"]
[Result "1/2-1/2"]
[WhiteElo "2481"]
[BlackElo "2420"]

1.Nf3 d5 2.c4 c6 3.e3 Nf6 4.Nc3 e6 5.Qc2 Nbd7 6.b3 Bd6 7.Bb2 O-O 8.Be2 Re8
9.O-O e5 10.cxd5 Nxd5 11.Ne4 Bc7 12.a3  1/2-1/2

[Event "Rubinstein Open"]
[Site "Polanica Zdroj POL"]
[Date "2001.08.22"]
[Round "7"]
[White "Noga,J"]
[Black "Knap,J"]
[Result "1-0"]
[WhiteElo "2135"]
[BlackElo "2022"]

1.Nf3 d5 2.c4 c6 3.b3 f6 4.d4 Bf5 5.g3 e6 6.Bg2 Bb4+ 7.Bd2 Bxd2+ 8.Nbxd2 Ne7
9.O-O O-O 10.h3 Nd7 11.Nh4 Bg6 12.Nxg6 hxg6 13.e4 dxe4 14.Nxe4 Qc7 15.Qg4 f5
16.Qh4 Rf6 17.Nxf6+ Nxf6 18.Rfe1 Qd6 19.Qg5 Kf7 20.Rad1 Rh8  1-0

[Event "Rubinstein Open"]
[Site "Polanica Zdroj POL"]
[Date "2001.08.22"]
[Round "7"]
[White "Zubarev,A1"]
[Black "Markowski,T"]
[Result "1-0"]
[WhiteElo "2470"]
[BlackElo "2548"]

1.Nf3 d5 2.c4 e6 3.e3 Nf6 4.Nc3 Be7 5.b3 O-O 6.Bb2 b6 7.d4 Bb7 8.cxd5 exd5
9.Bd3 Nbd7 10.O-O a6 11.Rc1 Bd6 12.Ne2 Re8 13.Ng3 Qe7 14.Qe2 c6 15.Rfe1 a5
16.a4 Ne4 17.Bxe4 dxe4 18.Nd2 f5 19.Nc4 Bc7 20.d5 Nc5 21.Ba3 cxd5 22.Nxb6 Bxb6
23.Qb5 Ba6 24.Qxb6 Nxa4 25.Qxa5 Qxa3 26.Qxd5+ Kh8 27.Qd4 Kg8 28.Qd5+ Kh8
29.Qd4 Kg8 30.Rc7  1-0

[Event "Open"]
[Site "Lisbon POR"]
[Date "2001.08.23"]
[Round "3"]
[White "Narciso Dublan,M"]
[Black "Helmers,W"]
[Result "1-0"]
[WhiteElo "2510"]
[BlackElo "2120"]

1.Nf3 d5 2.c4 c6 3.b3 Bg4 4.Bb2 e6 5.e3 Nf6 6.Be2 Nbd7 7.d3 Bd6 8.Nbd2 O-O
9.O-O Qe7 10.a3 a5 11.Nd4 Bxe2 12.Qxe2 g6 13.Nc2 Rfe8 14.Rfe1 Qd8 15.Rac1 e5
16.cxd5 cxd5 17.e4 b5 18.exd5 Nxd5 19.Qf3 N7f6 20.g3 a4 21.b4 Rc8 22.Ne3 Rxc1
23.Rxc1 Nxe3 24.fxe3 Bb8 25.Rf1 Re6 26.Ne4 Kg7 27.d4 Qe7 28.Nc5 Rb6 29.d5 Ne8
30.Qg4 Rf6 31.Qd7 Rxf1+ 32.Kxf1 Qxd7 33.Nxd7 Ba7 34.Nxe5 f6 35.Ng4 h5 36.Nf2 Bxe3
37.Ne4 Kf7 38.Ke2 Bb6 39.Kd3 Ke7 40.Bd4 Bc7 41.Bc5+ Bd6 42.Kd4 Kd7 43.Bxd6 Nxd6
44.Nxf6+ Kc7 45.Kc5  1-0

[Event "Open"]
[Site "Lisbon POR"]
[Date "2001.08.27"]
[Round "7"]
[White "Strikovic,A"]
[Black "Piket,Je"]
[Result "0-1"]
[WhiteElo "2515"]
[BlackElo "2630"]


1.Nf3 d5 2.c4 c6 3.b3 Nf6 4.g3 dxc4 5.bxc4 e5 6.Nc3 Qa5 7.Qc2 Be6 8.Rb1 Na6
9.Bg2 Bb4 10.Na4 e4 11.Nd4 Bg4 12.h3 Bh5 13.a3 Bc5 14.Nxc5 Nxc5 15.Nb3 Nxb3
16.Rxb3 O-O-O 17.Bb2 Rhe8 18.Re3 Bg6 19.Bc3 Qc5 20.Qb3 Nd7 21.O-O Nb6 22.Bxg7 Rxd2
23.Qc3 Nxc4 24.Rc1 Rd5 25.Qf6 Rf5 26.Qa1 Rd8 27.Bxe4 Rxf2 28.Bd4 Rxd4 29.Bxg6 Rf6
30.Bxh7 b5 31.Qc3 Rdd6  0-1

[Event "WJun"]
[Site "Athens GRE"]
[Date "2001.08.28"]
[Round "12"]
[White "Zhao Zong Yuan"]
[Black "Schneider,D"]
[Result "1/2-1/2"]
[WhiteElo "2359"]
[BlackElo "2405"]

1.Nf3 d5 2.c4 e6 3.d4 c5 4.e3 Nc6 5.Nc3 Nf6 6.Bd3 a6 7.a3 Be7 8.O-O O-O 9.dxc5 Bxc5
10.b4 Ba7 11.Bb2 dxc4 12.Bxc4 Qe7 13.Rc1 b5 14.Ba2 Bb7 15.Bb1 Rac8 16.Qc2 Nb8
17.Rfd1 Nbd7 18.Qe2 Rc4 19.h3 Rfc8 20.Nd2 R4c7 21.Nde4 Nxe4 22.Bxe4 Bxe4
23.Nxe4 Rxc1 24.Rxc1 Rxc1+ 25.Bxc1 Ne5 26.Qc2 Nc4 27.Nd2 Qc7  1/2-1/2

[Event "WJun Women"]
[Site "Athens GRE"]
[Date "2001.08.29"]
[Round "13"]
[White "Calotescu,C"]
[Black "Zimina,O"]
[Result "1-0"]
[WhiteElo "2283"]
[BlackElo "2312"]

1.Nf3 d5 2.c4 c6 3.d4 Nf6 4.e3 a6 5.Nc3 b5 6.cxb5 cxb5 7.Bd3 e6 8.a3 Bb7
9.Bd2 Bd6 10.Na2 Nc6 11.Bb4 Nxb4 12.axb4 O-O 13.Ne5 Qe7 14.Qb3 Ne4 15.Nf3 Rae8
16.O-O f5 17.g3 g5 18.Rad1 Rf7 19.Ne5 Bxe5 20.dxe5 g4 21.Bxe4 fxe4 22.Qc3 Rf5
23.Rc1 Rc8 24.Qd4 Rc4 25.Qa7 d4 26.Rxc4 bxc4 27.Qxd4 Qg7 28.Rd1 Bd5 29.Nc3 Rxe5
30.b5 axb5 31.Nxb5 Rf5 32.Nd6 Rf8 33.Nxc4 Qf7 34.Rd2 Re8 35.b3 h5 36.Qe5 Ra8
37.Nb6 Ra5 38.b4 Rb5 39.Rc2 Bc6 40.Qb8+ Be8 41.Rc8 Kf8 42.Qd6+ Qe7 43.Rxe8+ Kxe8
44.Qc6+ Kf8 45.Qxb5 Qd6 46.Qc5 Qe7 47.Nd7+ Ke8 48.Qxe7+ Kxe7 49.Ne5  1-0

[Event "Open"]
[Site "Lisbon POR"]
[Date "2001.08.29"]
[Round "9"]
[White "Roeder,M"]
[Black "Collas,D"]
[Result "1-0"]
[WhiteElo "2466"]
[BlackElo "2378"]

1.Nf3 d5 2.c4 e6 3.b3 Be7 4.Bb2 Bf6 5.d4 dxc4 6.bxc4 c5 7.e3 Nc6 8.Qd2 cxd4
9.exd4 Nge7 10.Na3 O-O 11.Nc2 Nf5 12.Bd3 e5 13.dxe5 Re8 14.O-O Nxe5 15.Bxe5 Bxe5
16.Nxe5 Rxe5 17.Qf4 Rc5 18.Nb4 Be6 19.Rad1 Qc7 20.Qf3 Rc8 21.Rfe1 Nd6 22.Nd5 Bxd5
23.cxd5 Qd7 24.h4 Re8 25.h5 h6 26.Rxe8+ Qxe8 27.Qf4 Qe7 28.Qd4 b6 29.Qf4 Kf8
30.Bb1 Qf6 31.Qa4 Rc7 32.Qa3 Qe5 33.g3 Ke7 34.Qd3 Qxh5 35.Re1+ Kd7 36.Bc2 Rc5
37.Ba4+ b5 38.Qe3 Qxd5 39.Qe7+ Kc6 40.Bb3 Qd2 41.Kg2 Rf5 42.Re2 Qd4 43.Qd8 Qb6
44.Qf8 Qd4 45.Qd8 h5 46.Qa5 Kd7 47.Rd2 Qb6 48.Qa3 Ke7 49.Bd5 Re5 50.Qc3 f6
51.Qd3 Qc5 52.Bf3 a5 53.Rc2 Nc4 54.a4 Qd6 55.Qh7 Rg5 56.axb5 Ne5 57.Be4 Qd4
58.b6 Qxb6 59.f4 Ng4 60.fxg5 Ne3+ 61.Kf3 Nxc2 62.Qxg7+ Kd8 63.Qf8+ Kc7 64.Qf7+ Kd8
65.Qd5+ Kc7 66.Bxc2 fxg5 67.Qe5+ Kc6 68.Be4+  1-0

[Event "Open"]
[Site "Lisbon POR"]
[Date "2001.08.29"]
[Round "9"]
[White "Oei,HI"]
[Black "Campos Moreno,J"]
[Result "0-1"]
[WhiteElo "2203"]
[BlackElo "2524"]

1.Nf3 d5 2.c4 e6 3.e3 Nf6 4.b3 Be7 5.Bb2 O-O 6.Be2 c5 7.O-O Nc6 8.cxd5 exd5
9.d4 Re8 10.Nc3 Bg4 11.dxc5 Bxc5 12.Rc1 Rc8 13.a3 Be6 14.Nd4 Bf8 15.Nxc6 bxc6
16.Na4 Ne4 17.Ba6 Rc7 18.Be5 Bd6 19.Bxd6 Nxd6 20.Nc5 Qg5 21.Nxe6 fxe6 22.h3 Kh8
23.Qe2 Kg8 24.Qg4 Qxg4 25.hxg4 Rb8 26.Rc3 Rb6 27.Be2 Kf7 28.f3 Ke7 29.Kf2 h6
30.Rh1 c5 31.Rhc1 Rbc6 32.Ke1 a6 33.Kd2 Nb5 34.R3c2 Kf7 35.a4 Nd6 36.Ke1 Ke7
37.Kd2 Ke8 38.Ke1 Kf7 39.Kd2 Ke7 40.Bd3 Nb7 41.Rb1 Kd6 42.Be2 Rb6 43.Rcb2 Rc8
44.Kc3 Na5 45.Bf1 Rcc6 46.Kd2 Rb4 47.Kc3 Rcb6 48.Be2 e5 49.Bf1 Nc6 50.Bd3 Ke6
51.e4 d4+ 52.Kc2 Na5 53.g3 g5 54.Bf1 Kd6 55.Bd3 c4 56.bxc4 Rxb2+ 57.Rxb2 Rxb2+
58.Kxb2 Kc5 59.f4 gxf4 60.gxf4 exf4 61.e5 Nc6 62.e6 a5 63.Be4 Kd6 64.Kc1 Ne5
65.Bd5 Nxg4 66.Kd2 Nf6 67.Bf3 Kxe6 68.Kd3 Ke5 69.c5 Nd5 70.c6 Nb6 71.c7 Kd6
72.Bd1 Kxc7 73.Kxd4 Kd6 74.Ke4 Kc5 75.Kxf4 Kb4 76.Kg4 Nxa4 77.Kh5 Nb2 78.Bc2 Kc3
79.Bb1 a4 80.Kxh6 a3 81.Kg5 Nd3 82.Kf5 Ne1  0-1

[Event "ADCF Masters"]
[Site "Abu Dhabi UAE"]
[Date "2001.08.30"]
[Round "6"]
[White "El Arousy,A"]
[Black "Li,G"]
[Result "0-1"]
[WhiteElo "2332"]
[BlackElo "2239"]

1.Nf3 d5 2.c4 e6 3.e3 Nf6 4.b3 Be7 5.Bb2 O-O 6.Be2 c5 7.O-O Nc6 8.cxd5 exd5
9.d4 b6 10.Nc3 Bb7 11.Rc1 Ne4 12.dxc5 Nxc3 13.Bxc3 bxc5 14.Qd2 Qd6 15.Rfd1 Rfd8
16.Bb2 Rac8 17.Bd3 Qe6 18.Ba3 Ne5 19.Nxe5 Qxe5 20.Bb2 Qg5 21.Bf1 Rd6 22.f4 Qh4
23.g3 Qg4 24.Qe2 Qe6 25.Bg2 Rd7 26.Rd2 Bd8 27.Bf3 Ba6 28.Qf2 Ba5 29.Bc3 Bb6
30.Bb2 Re8 31.Rcd1 Bb7 32.Re2 h6 33.Bc3 Rde7 34.Qg2 Rd8 35.Ree1 Qd7 36.h4 Qe8
37.Qf2 d4 38.Bxb7 dxe3 39.Qf3 Rxd1 40.Rxd1 e2 41.Re1 Re3 42.Qg4 Rxc3 43.Kg2 Rc2
44.Bf3 Rxa2 45.Rxe2 f5 46.Qh5 g6 47.Qxh6 Rxe2+ 48.Kh3 Rd2 49.h5 Rd6 50.hxg6 Qe7
51.Qh5 Qf6 52.Qh7+ Kf8 53.g7+ Qxg7 54.Qxf5+ Qf6 55.Qc2 Qg6 56.Qc3 Qh6+ 57.Kg2 Qf6
58.Qc2 Qd8 59.Qf5+ Rf6 60.Qh7 Qd2+ 61.Kh3 Qd6 62.Bh5 Qe6+ 63.g4 Rh6 64.Qd3 Rxh5+
65.Kg3 Rd5  0-1

[Event "EYCC B16"]
[Site "Halkidiki GRE"]
[Date "2001.09.02"]
[Round "3"]
[White "Nyback,T"]
[Black "Deva,C"]
[Result "1-0"]
[WhiteElo "2345"]
[BlackElo "2128"]

1.Nf3 d5 2.c4 dxc4 3.Na3 e5 4.Nxe5 Bxa3 5.Qa4+ b5 6.Qxa3 Nf6 7.d3 Qd6 8.Qxd6 cxd6
9.Nf3 cxd3 10.Bf4 O-O 11.e3 Nc6 12.Rc1 Bb7 13.Bxd3 a6 14.Ke2 d5 15.Rhd1 Rfe8
16.Bf5 g6 17.Bh3 Kg7 18.Nd4 Nxd4+ 19.Rxd4 Bc8 20.Bxc8 Raxc8 21.Rxc8 Rxc8
22.Be5 g5 23.Rxd5 Rc6 24.Rd6 Rxd6 25.Bxd6 Ne4 26.Be7 f6 27.f3 Kf7 28.Ba3  1-0

[Event "EYCC B18"]
[Site "Halkidiki GRE"]
[Date "2001.09.02"]
[Round "3"]
[White "Milchev,N"]
[Black "Jirka,J"]
[Result "0-1"]
[WhiteElo "2098"]
[BlackElo "2292"]

1.Nf3 d5 2.c4 d4 3.d3 c5 4.g3 Nc6 5.Bg2 g6 6.e4 Bg7 7.O-O Nf6 8.Na3 O-O 9.Rb1 Nd7
10.Nc2 a6 11.Bd2 b5 12.b3 e5 13.Nh4 b4 14.Qe1 Bb7 15.Bh3 a5 16.a3 bxa3 17.Nxa3 Nb4
18.Qe2 Bc6 19.Bc1 Qe7 20.Qd2 Rfb8 21.Bg4 a4 22.Bd1 Nb6 23.Nb5 Bxb5 24.cxb5 a3
25.Ra1 a2 26.Qe2 Ra5 27.Bd2 Rba8 28.Bxb4 cxb4 29.Qc2 Qd7 30.f4 Qxb5 31.f5 Bh6
32.fxg6 hxg6 33.Bg4 R5a7 34.Kg2 Nd7 35.Nf3 Qc5 36.Rf2 Qxc2 37.Rxc2 Nf6 38.Bh3 Ra5
39.Kf2 Bf8 40.Ke2 R8a7 41.Kd1 Ra3 42.Rb2 Rc7 43.Rc2 Rxb3 44.Rxc7 Rxd3+ 45.Kc1 b3
46.Kb2 Rxf3 47.Rf1 Rxf1 48.Bxf1 Ba3+ 49.Ka1 Bb4  0-1

[Event "TCh-YUG Women's Cup"]
[Site "Herceg Novi YUG"]
[Date "2001.09.04"]
[Round "2"]
[White "Zivkovic,Ves"]
[Black "Prudnikova,S"]
[Result "0-1"]
[WhiteElo "2228"]
[BlackElo "2406"]

1.Nf3 d5 2.c4 d4 3.d3 g6 4.g3 Bg7 5.Bg2 e5 6.Bg5 f6 7.Bd2 Ne7 8.h4 O-O 9.h5 a5
10.hxg6 hxg6 11.Bh6 Bxh6 12.Rxh6 Kg7 13.Rh2 Nbc6 14.Nbd2 Rh8 15.Rxh8 Qxh8
16.Qa4 Bh3 17.Bxh3 Qxh3 18.O-O-O Rh8 19.Rg1 g5 20.Ne4 Qc8 21.Qb5 g4 22.Nh4 f5
23.Nc5 b6 24.Nb3 Qe6 25.Nd2 Rh5 26.a3 Ng6 27.Nxg6 Kxg6 28.c5 Qd5 29.e4 Qxc5+
30.Qxc5 bxc5 31.Kd1 fxe4 32.Nxe4 c4 33.dxc4 Kf5 34.Re1 Rh6 35.Kc2 Re6 36.Re2 a4
37.Kd3 Re8 38.Nc5 Ra8 39.Ne4 Ra7 40.Re1 Rb7 41.Kc2 Na5 42.Nc5 Rb8 43.Nxa4 Nxc4
44.Rh1 Ke4 45.Rh7 c6 46.Rh6 Kd5 47.Rf6 c5 48.Rf5 Nd6 49.Rf6 c4 50.Rg6 d3+
51.Kd2 Ne4+ 52.Ke3 d2 53.Ke2 Rf8 54.Nc3+ Nxc3+ 55.bxc3 Rxf2+ 56.Kd1 Ke4 57.Rd6 Ke3
58.Kc2 e4 59.Rd4 Kf3 60.a4 e3  0-1

[Event "43rd Open"]
[Site "Imperia ITA"]
[Date "2001.09.04"]
[Round "4"]
[White "Gross,S"]
[Black "Sulava,N"]
[Result "0-1"]
[WhiteElo "2391"]
[BlackElo "2531"]

1.Nf3 d5 2.c4 dxc4 3.Qa4+ Nc6 4.Qxc4 e5 5.d3 h6 6.g3 g5 7.Bg2 Bg7 8.Nc3 Nge7
9.Be3 O-O 10.O-O Nd4 11.Bxd4 exd4 12.Na4 Be6 13.Qc2 b6 14.a3 Nd5 15.Qc6 Ne7
16.Qc2 a5 17.Kh1 c5 18.e3 Ra7 19.exd4 g4 20.Nh4 Qxd4 21.Rab1 Rd7 22.Rfd1 Rfd8
23.Nc3 Qd6 24.Qa4 h5 25.Nb5 Qe5 26.b4 cxb4 27.axb4 Rxd3 28.Rxd3 Rxd3 29.bxa5 Rb3
30.Na3  0-1

[Event "EYCC B16"]
[Site "Halkidiki GRE"]
[Date "2001.09.09"]
[Round "9"]
[White "Nyback,T"]
[Black "Ibarra Jerez,JC"]
[Result "1-0"]
[WhiteElo "2345"]
[BlackElo "2238"]

1.Nf3 d5 2.c4 d4 3.g3 g6 4.d3 Bg7 5.b4 e5 6.Nbd2 Ne7 7.Bg2 O-O 8.O-O a5 9.b5 c5
10.bxc6 Nexc6 11.Rb1 Na6 12.Ne1 Qc7 13.Qb3 Re8 14.Nc2 Rb8 15.Ba3 Be6 16.Qb6 Red8
17.Ne4 Qxb6 18.Rxb6 Ncb4 19.Nxb4 axb4 20.Bxb4 Nxb4 21.Rxb4 Bf8 22.Rb5 Ra8
23.Ra1 Ra3 24.Ng5 Rda8 25.Bxb7 Rxa2 26.Rxa2 Rxa2 27.Nxe6 fxe6 28.Rxe5 Kf7
29.Bc8 Ra8 30.Bxe6+ Kf6 31.Re4 Re8 32.Bd5 Rxe4 33.Bxe4 Bc5 34.Kg2 h5 35.h4 g5
36.hxg5+ Kxg5 37.Kf3 h4 38.gxh4+ Kxh4 39.Kf4 Kh3 40.Ke5  1-0

[Event "TCh-YUG"]
[Site "Herceg Novi YUG"]
[Date "2001.09.09"]
[Round "7"]
[White "Mihic,B"]
[Black "Abramovic,B"]
[Result "1-0"]
[WhiteElo "2369"]
[BlackElo "2502"]

1.Nf3 d5 2.c4 e6 3.b3 Nf6 4.Bb2 Bd6 5.g3 Nbd7 6.Bg2 c6 7.O-O O-O 8.Nc3 Re8
9.Qc2 a6 10.d4 dxc4 11.bxc4 e5 12.Rad1 exd4 13.Nxd4 Qc7 14.Nf5 Bf8 15.Ne4 Nxe4
16.Bxe4 Re6 17.Nd4 Rh6 18.Bc1 Rh5 19.Bf4 Qb6 20.Bf3 Ra5 21.Nb3 Ra3 22.c5 Bxc5
23.Nxc5 Nxc5 24.Qxc5 Qxc5 25.Rd8+ Qf8 26.Rxf8+ Kxf8 27.Bd6+ Ke8 28.Bxa3 Be6
29.Rb1  1-0

[Event "ch-ARM"]
[Site "Yerevan ARM"]
[Date "2001.09.13"]
[Round "1"]
[White "Nalbandian,T"]
[Black "Yegiazarian,A"]
[Result "0-1"]
[WhiteElo "2458"]
[BlackElo "2551"]

1.Nf3 d5 2.c4 d4 3.g3 Nc6 4.Bg2 e5 5.d3 Nf6 6.O-O a5 7.e3 Be7 8.exd4 exd4
9.Na3 Nd7 10.Re1 Nc5 11.Nb5 Bg4 12.h3 Bh5 13.Bf4 Rc8 14.g4 Bg6 15.Ne5 Nxe5
16.Rxe5 O-O 17.Rd5 Nd7 18.Rxd4 Bf6 19.Bxb7 Bxd4 20.Nxd4 Rb8 21.Bd5 Qf6 22.Be3 c5
23.g5 Qb6 24.Nc6 Rbe8 25.b3 Ne5 26.Nxe5 Rxe5 27.h4 Rfe8 28.d4 Rxe3 29.fxe3 Rxe3
30.Qd2 cxd4 31.Re1 h5 32.Kg2 Bf5 33.Bf3 g6 34.Rxe3 dxe3 35.Qd5 Qb4 36.Qd8+ Kh7
37.Qd5 Be6 38.Qd3 Qd2+ 39.Qe2 Qd4 40.Kg3 Bf5 41.Qe1 Qd6+ 42.Kg2 Qd2+ 43.Qe2 Bg4
44.Kf1 Bh3+ 45.Kg1 Qd4 46.c5 Qxh4 47.Bg2 Qxg5 48.Qf3 Be6 49.c6 Qe5 50.Qe4 Qg3
51.Qf3 Qe1+ 52.Bf1 Qc1 53.Kh2 Kg7 54.Ba6 Bg4 55.Qe4 Qd2+ 56.Qg2 e2  0-1

[Event "TCh-CRO"]
[Site "Pula CRO"]
[Date "2001.09.15"]
[Round "6"]
[White "Muse,D"]
[Black "Pavicic,Z"]
[Result "0-1"]
[WhiteElo "2413"]
[BlackElo "2420"]

1.Nf3 d5 2.c4 e6 3.d4 Nf6 4.Nc3 c6 5.g3 Be7 6.Bg2 O-O 7.O-O Nbd7 8.Qc2 b6
9.Rd1 Bb7 10.e4 dxc4 11.e5 Nd5 12.Ne4 Re8 13.Bg5 f6 14.exf6 gxf6 15.Bh6 b5
16.b3 cxb3 17.axb3 a5 18.Bh3 Bb4 19.Nc5 Nxc5 20.dxc5 Qe7 21.Rd4 f5 22.Rh4 Bc3
23.Rd1 Bf6 24.Re1 Bxh4 25.gxh4 Qf6 26.Bc1 Qe7 27.Qe2 Qxc5 28.Kh1 Nc3 29.Qd2 Re7
30.Rg1+ Kf8 31.Qh6+ Ke8 32.Bf4 Qd5 33.Qh5+ Kd7 34.Bg2 Ne4 35.Rf1 Rae8 36.Ne5+ Kc8
37.Bf3 c5 38.h3 Nxf2+ 39.Rxf2 Qd1+  0-1

[Event "TCh-FIN 2001-02"]
[Site "FIN"]
[Date "2001.09.22"]
[Round "1"]
[White "Hamalainen,S"]
[Black "Puittinen,M"]
[Result "1/2-1/2"]
[WhiteElo "2152"]
[BlackElo "2147"]

1.Nf3 d5 2.c4 c6 3.d4 Nf6 4.cxd5 cxd5 5.Nc3 Nc6 6.Bf4 Bf5 7.e3 e6 8.Bb5 Nd7
9.Rc1 Rc8 10.Qa4 a6 11.Bxc6 Rxc6 12.O-O Qb6 13.e4 Bxe4 14.Nxe4 dxe4 15.Ng5 Nf6
16.Be5 Be7 17.Rxc6 Qxc6 18.Qxc6+ bxc6 19.Rc1 h6 20.Bxf6 hxg5 21.Bxe7 Kxe7
22.Rxc6 a5 23.Ra6 Rb8 24.b3 Rb5 25.Kf1  1/2-1/2

[Event "ECC"]
[Site "Panormo GRE"]
[Date "2001.09.23"]
[Round "1"]
[White "Bogdanovski,V"]
[Black "Grotnes,N"]
[Result "1/2-1/2"]
[WhiteElo "2430"]
[BlackElo "2291"]

1.Nf3 d5 2.c4 d4 3.g3 Nc6 4.Bg2 e5 5.O-O Nf6 6.d3 Nd7 7.Na3 Bc5 8.Nc2 O-O
9.a3 a5 10.b3 Qe7 11.Rb1 h6 12.Qd2 Qe6 13.Re1 Rd8 14.b4 axb4 15.axb4 Bf8
16.e3 Ra2 17.Rb2 Rxb2 18.Bxb2 dxe3 19.Rxe3 Nb6 20.Qc3 Na4 21.Qb3 Nxb2 22.Qxb2 f6
23.Nh4 Ne7 24.f4 g5 25.fxe5 Bg7 26.exf6 Qxf6 27.Qxf6 Bxf6 28.Nf3 Nf5 29.Re1 Bc3
30.Re4 b5 31.cxb5 Nd6 32.Re7 Nxb5 33.Ne5 Bf5 34.Bf1 Ra8 35.g4 Bh7 36.Bg2 Rd8
37.Bc6 Nd4 38.Bd7  1/2-1/2

[Event "ECC"]
[Site "Panormo GRE"]
[Date "2001.09.23"]
[Round "1"]
[White "Freisler,P"]
[Black "Filippov,V"]
[Result "0-1"]
[WhiteElo "2350"]
[BlackElo "2617"]

1.Nf3 d5 2.c4 e6 3.g3 dxc4 4.Qa4+ c6 5.Qxc4 b5 6.Qc2 Bb7 7.d4 Nd7 8.Bg2 c5
9.Be3 Rc8 10.dxc5 Bxc5 11.Bxc5 Nxc5 12.O-O Nf6 13.Nbd2 O-O 14.Rac1 Qb6 15.Qb1 Rfd8
16.b3 Nce4 17.Nxe4 Nxe4 18.Qb2 Rxc1 19.Qxc1 b4 20.Ng5 Nc3 21.Qc2 g6 22.Bxb7 Qxb7
23.a3 Qb5 24.axb4 Nxe2+ 25.Kg2 Nd4 26.Qc5 Qb7+ 27.f3 Nxb3 28.Qc3 Nd4 29.h4 e5
30.Qe3 f6 31.Ne4 Qe7 32.Ra1 f5 33.Nc5 Rb8 34.Nd3 Rb5 35.h5 Rd5 36.hxg6 Nc2
37.gxh7+ Kh8 38.Qxa7 Qxa7 39.Rxa7 Rxd3 40.b5 Rb3 41.Rb7 Ne1+ 42.Kf2 Nxf3
43.b6 Nd4 44.Re7 Nc6 45.Rf7 Rxb6 46.Rxf5 Kxh7 47.Rf6 Kg7 48.Rd6 Kf7 49.Ke3 Ke7
50.Rh6 Kd7 51.Ke4 Rb1 52.g4 Re1+ 53.Kd5 Ne7+ 54.Kc4 Rc1+ 55.Kb5 Rc6 56.g5 Rg6  0-1

[Event "ECC"]
[Site "Panormo GRE"]
[Date "2001.09.27"]
[Round "5"]
[White "Putka,V"]
[Black "Borik,O"]
[Result "1-0"]
[WhiteElo "2277"]
[BlackElo "2419"]

1.Nf3 d5 2.c4 c6 3.b3 dxc4 4.bxc4 e5 5.Nc3 Nd7 6.Qc2 Ngf6 7.g3 Qa5 8.Bg2 Nb6
9.d3 e4 10.dxe4 Bb4 11.Bd2 Nxc4 12.Nb1 Nxd2 13.Nbxd2 O-O 14.O-O Re8 15.Rfd1 Qh5
16.Rab1 Bf8 17.h3 Qc5 18.Qxc5 Bxc5 19.Rdc1 Bb6 20.e5 Nd7 21.Nc4 Re7 22.a4 Kf8
23.a5 Bc5 24.e3 f6 25.g4 a6 26.exf6 gxf6 27.Nd4 Ba7 28.Nf5 Re6 29.Rd1 Rb8
30.Rbc1 Ne5 31.Ncd6 Bd7 32.Ne4 Be8 33.Rd6 Bf7 34.Nxf6 Rxd6 35.Nxd6 Ke7 36.Nxf7 Kxf7
37.Nxh7 Rd8 38.Rb1 Rd7 39.Be4 Nc4 40.Bf5 Re7 41.h4 Nxa5 42.h5 Nc4 43.g5 Nd2
44.Rd1 Nf3+ 45.Kf1 Nxg5 46.Bg6+  1-0

[Event "Boca Open"]
[Site "Buenos Aires ARG"]
[Date "2001.09.28"]
[Round "9"]
[White "Ricardi,P"]
[Black "Ginzburg,Ma"]
[Result "0-1"]
[WhiteElo "2545"]
[BlackElo "2427"]

1.Nf3 d5 2.c4 c6 3.cxd5 cxd5 4.d4 Nc6 5.Nc3 Nf6 6.Bf4 Bf5 7.e3 e6 8.Bb5 Nd7
9.O-O Rc8 10.Ne5 Ndxe5 11.Bxe5 a6 12.Bxc6+ Rxc6 13.f3 f6 14.Bg3 Bb4 15.e4 dxe4
16.d5 exd5 17.fxe4 Bxe4 18.Nxe4 dxe4 19.Qb3 Qd4+ 20.Bf2 Qc4 21.Qxc4 Rxc4
22.Rfc1 Rxc1+ 23.Rxc1 Kd7 24.Rc4 Bd6 25.Rxe4 Rc8 26.Re1 Be5 27.Re2 Rc1+ 28.Be1 Rb1
29.a4 Rxb2 30.Re4 h5 31.h3 Ke6 32.Rc4 g5 33.Kf1 h4 34.a5 Kd5 35.Ra4 Bd4 36.g3 hxg3
37.Bxg3 f5 38.Bc7 g4 39.hxg4 fxg4 40.Bg3 Rb1+ 41.Ke2 Rb3 42.Bh4 g3 43.Kf1 Be5
44.Kg2 Rb2+ 45.Kf3 Rf2+ 46.Ke3 Rf1 47.Rg4 Ra1 48.Ke2 Ra2+ 49.Kf1 Rf2+ 50.Kg1 Rf4  0-1